| 000 | 01162nas a2200337 4500 | ||
|---|---|---|---|
| 001 | BR7804173 | ||
| 003 | BR-BrBNA | ||
| 005 | 20231205083508.0 | ||
| 007 | ta | ||
| 008 | 230509b bl.|||p| |||| 00| 00por d | ||
| 040 |
_aBR-BrBNA _bpor _cBiblioteca Nacional de Agricultura |
||
| 041 | _a(Pt) | ||
| 072 | _aF00; H00; E70 | ||
| 110 | 1 | _aEmpresa de Pesquisa Agropecuaria de Minas Gerais, Belo Horizonte (Brasil) | |
| 245 | 1 | _aA cafeicultura em Minas Gerais [Producao vegetal; Fertilidade do solo; Praga de planta; Doenca de planta; Defensivo; Erva daninha; Comercializacao; Cafe; Coffea arabica; Brasil] | |
| 650 | _aProducao vegetal | ||
| 650 | _aDefesa vegetal | ||
| 650 | _aComercializacao | ||
| 650 | _aCafe | ||
| 650 | _aFertilidade do solo | ||
| 650 | _aPraga de planta | ||
| 650 | _aDoenca de planta | ||
| 650 | _aDefensivo | ||
| 650 | _aErva daninha | ||
| 650 | _aExportacao | ||
| 650 | _aConsumo | ||
| 650 | _aMinas Gerais | ||
| 773 | 0 |
_tInforme Agropecuario - Empresa de Pesquisa Agropecuaria de Minas Gerais (Brazil) _x _g(Feb 1978), v. 4(38) p. 2-22 _wBR7804173 |
|
| 909 |
_a202311 _bLúcia _c55 _dLúcia Elande |
||
| 942 |
_2AGRIS _n0 _cANA |
||
| 999 |
_c99194 _d99194 |
||